Städte mit den Meisten Museen - Statistiken

Allgemein
  • Dieses Quiz wurde 152 mal gespielt
  • Das Durchschnittsergebnis liegt bei 8 aus 10
Antwortstatistiken
Museen Städte % Korrekt
262 New York City
96%
223 Paris
96%
309 London
92%
195 Rom
87%
367 Tokio
84%
284 Peking
83%
586 Moskau
81%
259 Schanghai
51%
427 St. Petersburg
49%
145 Mexiko-Stadt
37%
Keine übereinstimmenden Quizze gefunden
Verteilung der Resultate
Anzahl Personen mit jedem Resultat
Perzentil nach korrekt beantworteten Fragen
Ihre Resultats-Entwicklung
Sie haben dieses Quiz noch nicht gespielt